LEADER 00878nam a2200181 i 4500 001 000000185502 003 CaOOAMICUS 005 20100206000000.0 008 100206n it u000 u ita u 013 $a163515 040 $aSeMil$bita 245 10$a"Documenta" ossia :$bprincipi di teologia ascetica contenuti negli Esercizi Spirituali di S. Ignazio di Loyola. 300 $aVIII, 478 p. 500 $aIn appendice : Lettera Enciclica del S. Padre Pio 11. intorno agli Esercizi spirituali. 773 0 $aCalcagno, Francesco Saverio $tAscetica ignaziana.$dTorino - Roma : Marietti 1820, 1936.$gParte1$w()22862 850 $aSeMil 852 $aSeMil$W1$xVenegono$y1$m3F III 237$j136193$B136193$CSeMilBibl$Z2$F147728 $81 996 $6245$a"Documenta" ossia :$bprincipi di teologia ascetica contenuti negli Esercizi Spirituali di S. Ignazio di Loyola$9(OLS)http://semarc/title/266603 LEADER 00668nab a2200145 i 4500 001 000000310055 003 CaOOAMICUS 005 20180831173006.0 008 180831n xx uu u0 0und r 013 $a19149 040 $aSeMil$bita 100 1 $aScuola (La) Cattolica:, periodico.$0(OLS)http://semarc/name/88163 245 10$aDichiarazione circa la recensione di Giuseppe Cossa del libro «Veritąsempre antiche e sempre nuove» di Mons. Geremia Bonomelli. 773 0 $t[Luglio-Dicembre].$g174$w()273974 996 $6245$aDichiarazione circa la recensione di Giuseppe Cossa del libro «Veritąsempre antiche e sempre nuove» di Mons. Geremia Bonomelli$9(OLS)http://semarc/title/384988